000 00611nam a2200241Ia 4500
003 OSt
005 20220924114136.0
006 a|||||r|||| 00| 0
007 ta
008 220923b |||||||| |||| 00| 0 san d
024 _a284974
037 _cTextual
040 _aARTS
_cARTS
_bsan
041 _2san
_asan
082 _aQ2:23, C2
100 _aGupta Abhinava
_9172079
245 0 _aTantraloka
260 _aAllahabad
_bAt the Indian Press India
_c1922
300 _a284p.
_ccm.
650 _aRELIGION
942 _hQ2:23, C2
_cTEXL
_2CC
999 _c392117
_d392117